Schaum's outline of theory and porblems of statistics (Record no. 7820)

000 -LEADER
fixed length control field 00583nam a22002177a 4500
001 - CONTROL NUMBER
control field 7820
003 - CONTROL NUMBER IDENTIFIER
control field BD-DhUET
008 - FIXED-LENGTH DATA ELEMENTS--GENERAL INFORMATION
fixed length control field 141213b xxu||||| |||| 00| 0 eng d
020 ## - INTERNATIONAL STANDARD BOOK NUMBER
International Standard Book Number 070602271
020 ## - INTERNATIONAL STANDARD BOOK NUMBER
International Standard Book Number 0070990085
040 ## - CATALOGING SOURCE
Transcribing agency 0
Modifying agency BD-DhUET
082 ## - DEWEY DECIMAL CLASSIFICATION NUMBER
Classification number 519.9
Item number SPI/1961
100 ## - MAIN ENTRY--PERSONAL NAME
Personal name Spiegel, Murray R.
245 ## - TITLE STATEMENT
Title Schaum's outline of theory and porblems of statistics
Statement of responsibility, etc. in SI units
250 ## - EDITION STATEMENT
Edition statement 1st ed.
260 ## - PUBLICATION, DISTRIBUTION, ETC. (IMPRINT)
Place of publication, distribution, etc. New York
Name of publisher, distributor, etc. McGraw-Hill
Date of publication, distribution, etc. 1961
300 ## - PHYSICAL DESCRIPTION
Extent vii, 359p.
Other physical details ill.
Dimensions 35 cm.
490 ## - SERIES STATEMENT
Series statement Schau's outline series
650 #0 - SUBJECT ADDED ENTRY--TOPICAL TERM
Topical term or geographic name as entry element Statistical mathematics
942 ## - ADDED ENTRY ELEMENTS (KOHA)
Koha item type General Book
Holdings
Piece designation (barcode) Koha normalized classification for sorting Withdrawn status Location (home branch) Damaged status Koha full call number Source of classification or shelving scheme Koha date last seen Lost status Date acquired Price effective from Copy number Koha item type Shelving location Not for loan Sublocation or collection (holding branch)
31835519_900000000000000_SPI_1961 Central Library, BUET 519.9/SPI/1961 2014-12-13 2014-12-132014-12-131General BookCirculation section Central Library, BUET
31855519_900000000000000_SPI_1961 Central Library, BUET 519.9/SPI/1961 2014-12-13 2014-12-132014-12-132General BookCirculation section Central Library, BUET
31842519_900000000000000_SPI_1961 Central Library, BUET 519.9/SPI/1961 2014-12-13 2014-12-132014-12-133General BookCirculation section Central Library, BUET
31824519_900000000000000_SPI_1961 Central Library, BUET 519.9/SPI/1961 2014-12-13 2014-12-132014-12-134General BookCirculation section Central Library, BUET
31814519_900000000000000_SPI_1961 Central Library, BUET 519.9/SPI/1961 2014-12-13 2014-12-132014-12-135General BookCirculation section Central Library, BUET
31841519_900000000000000_SPI_1961 Central Library, BUET 519.9/SPI/1961 2014-12-13 2014-12-132014-12-136General BookCirculation section Central Library, BUET
31818519_900000000000000_SPI_1961 Central Library, BUET 519.9/SPI/1961 2014-12-13 2014-12-132014-12-137General BookCirculation section Central Library, BUET
31861519_900000000000000_SPI_1961 Central Library, BUET 519.9/SPI/1961 2014-12-13 2014-12-132014-12-138General BookCirculation section Central Library, BUET
31823519_900000000000000_SPI_1961 Central Library, BUET 519.9/SPI/1961 2014-12-13 2014-12-132014-12-139General BookCirculation section Central Library, BUET
31862519_900000000000000_SPI_1961 Central Library, BUET 519.9/SPI/1961 2014-12-13 2014-12-132014-12-1310General BookCirculation section Central Library, BUET
31856519_900000000000000_SPI_1961 Central Library, BUET 519.9/SPI/1961 2014-12-13 2014-12-132014-12-1311General BookCirculation section Central Library, BUET
31387519_900000000000000_SPI_1961 Central Library, BUET 519.9/SPI/1961 2015-07-09 2015-07-092015-07-0912Reading ItemReading section Central Library, BUET